000 00627nam a2200241 i 4500
001 C2-0309324
003 PPAK
005 20180728100346.0
008 110529s1994 nyu |||| ||||| | eng d
020 _a0452273056
040 _aPPAK
_beng
_cPPAK
_erda
082 0 4 _a823
_223
090 0 0 _a823
_bMOR
_dKMI
100 1 _aMorrison, Toni,
_eauthor
245 1 4 _aThe bluest eye
264 1 _aNew York :
_bPlume ,
_c1994
300 _a216 pages ;
_c20 cm
336 _2rdacontent
_atext
337 _2rdamedia
_aunmediated
338 _2rdacarrier
_avolume
650 1 0 _aAfro - Americans - Ohio - Fiction.
942 _ddc
_cB
999 _c111866
_d111866